[Event "San Sebastian de los Reyes op 13th"]
[Site "San Sebastian"]
[Date "2011.12.09"]
[Round "8"]
[White "Munoz Sanchez, Daniel"]
[Black "Quevedo Marin, Manuel"]
[Result "1-0"]
[WhiteElo "1995"]
[BlackElo "2184"]
[PlyCount "81"]
[EventDate "2011.12.02"]
[EventType "swiss"]
[EventRounds "9"]
[EventCountry "ESP"]
[SourceTitle "CBM 145 Extra"]
[Source "ChessBase"]
[SourceDate "2012.01.03"]
[SourceVersion "1"]
[SourceVersionDate "2012.01.03"]
[SourceQuality "1"]

1. e4 c5 2. Nc3 d6 3. f4 g6 4. Nf3 Bg7 5. Bc4 Nc6 6. 0-0 Nf6 7. d3 0-0 8. Qe1 Nd4 9. Bb3 Nxb3 10. axb3 e6 11. e5 Ne8 12. Be3 b6 13. Bf2 Bb7 14. Bh4 Qd7 15. Ne4 f5 16. exf6 Nxf6 17. Nxf6+ Bxf6 18. Bxf6 Rxf6 19. Qh4 Rf5 20. Rae1 Raf8 21. Ng5 e5 22. fxe5 dxe5 23. Rxf5 Rxf5 24. Rf1 Bd5 25. Rxf5 gxf5 26. Nxh7 Qb7 27. Nf6+ Kf7 28. Nxd5 Qxd5 29. Qc4 Qxc4 30. bxc4 a5 31. Kf2 Kf6 32. Kf3 Kg5 33. b3 Kh5 34. g3 Kg5 35. h3 Kf6 36. g4 f4 37. h4 Kg6 38. Ke4 Kh6 39. c3 Kg6 40. d4 cxd4 41. cxd4 1-0

[Event "Madrid-chT 1011"]
[Site "Madrid"]
[Date "2011.01.16"]
[Round "6.46"]
[White "Munoz Sanchez, Daniel"]
[Black "Lorite Cruz, Francisco"]
[Result "1/2-1/2"]
[WhiteElo "1976"]
[BlackElo "2095"]
[PlyCount "77"]
[EventDate "2010.11.21"]
[EventType "team-tourn"]
[EventRounds "14"]
[EventCountry "ESP"]
[SourceTitle "EXT 2012"]
[Source "ChessBase"]
[SourceDate "2011.11.24"]
[SourceVersion "1"]
[SourceVersionDate "2011.11.24"]
[SourceQuality "1"]
[WhiteTeam "Vallecas CDV"]
[BlackTeam "Collado Villalba"]
[WhiteTeamCountry "ESP"]
[BlackTeamCountry "ESP"]

1. e4 c5 2. Nc3 Nc6 3. f4 a6 4. g3 g6 5. Bg2 Bg7 6. Nf3 d6 7. d3 e6 8. Be3 Nd4 9. 0-0 Ne7 10. Qd2 Nec6 11. Nd1 0-0 12. c3 Nxf3+ 13. Bxf3 Qc7 14. Qg2 Ne7 15. Rc1 Rb8 16. h4 f5 17. h5 b6 18. hxg6 hxg6 19. Nf2 Kf7 20. Nh3 Bf6 21. Ng5+ Bxg5 22. fxg5 Bb7 23. exf5 exf5 24. Rcd1 Bxf3 25. Rxf3 Rbd8 26. d4 Qc6 27. g4 Kg7 28. Rdf1 Qe4 29. Rg3 Qxg2+ 30. Rxg2 fxg4 31. Rxg4 Rxf1+ 32. Kxf1 Nf5 33. Bg1 Re8 34. dxc5 dxc5 35. b4 cxb4 36. Rxb4 b5 37. a4 Rc8 38. axb5 axb5 39. Rxb5 1/2-1/2

[Event "Madrid CDV op 2nd"]
[Site "Madrid"]
[Date "2009.02.14"]
[Round "2"]
[White "Munoz Sanchez, Daniel"]
[Black "Dominguez Alfara, Miguel"]
[Result "1-0"]
[WhiteElo "2011"]
[BlackElo "1645"]
[PlyCount "21"]
[EventDate "2009.02.13"]
[EventType "swiss"]
[EventRounds "7"]
[EventCountry "ESP"]
[SourceTitle "CBM 129 Extra"]
[Source "ChessBase"]
[SourceDate "2009.05.05"]
[SourceVersion "2"]
[SourceVersionDate "2009.05.20"]
[SourceQuality "1"]

1. e4 e5 2. Nf3 Nf6 3. Nc3 Nc6 4. Bb5 Nd4 5. Bc4 Nxf3+ 6. Qxf3 Be7 7. Qg3 Nxe4 8. Qxg7 Rf8 9. Nxe4 d5 10. Qxe5 dxc4 11. Nf6# 1-0

[Event "San Sebastian Constitucion op 10th"]
[Site "San Sebastian"]
[Date "2008.12.01"]
[Round "2"]
[White "Munoz Sanchez, Daniel"]
[Black "Candela Perez, Jose"]
[Result "0-1"]
[WhiteElo "2013"]
[BlackElo "2402"]
[PlyCount "122"]
[EventDate "2008.11.30"]
[EventType "swiss"]
[EventRounds "9"]
[EventCountry "ESP"]
[SourceTitle "CBM 127 Extra"]
[Source "ChessBase"]
[SourceDate "2009.01.08"]
[SourceVersion "2"]
[SourceVersionDate "2009.01.28"]
[SourceQuality "1"]

1. e4 c5 2. Nc3 d6 3. f4 g6 4. Nf3 Bg7 5. Bb5+ Bd7 6. 0-0 Nc6 7. Bxc6 Bxc6 8. d3 Nf6 9. Qe1 0-0 10. Qh4 e6 11. f5 exf5 12. Bg5 h6 13. Bxh6 Ng4 14. Bxg7 Qxh4 15. Nxh4 Kxg7 16. exf5 Rh8 17. f6+ Nxf6 18. Nf3 Rh5 19. Ne2 Rah8 20. h3 Re8 21. Ng3 Rhh8 22. Rf2 Re3 23. Re1 Rhe8 24. Rxe3 Rxe3 25. Re2 Rxe2 26. Nxe2 Bxf3 27. gxf3 Nd5 28. Kf2 Nb4 29. Nc3 Kf6 30. Nb5 Ke5 31. Kg3 Nxc2 32. f4+ Ke6 33. Kf3 a6 34. Nc7+ Kf5 35. Ne8 Nd4+ 36. Ke3 Ke6 37. Nc7+ Kd7 38. Nd5 Nf5+ 39. Ke4 Kc6 40. Nf6 b5 41. Ng4 Kd7 42. Kf3 Ke6 43. Nf2 d5 44. Ng4 Nd4+ 45. Ke3 Nc2+ 46. Kd2 Nb4 47. a3 Nc6 48. Ne3 d4 49. Nf1 Kf5 50. Ng3+ Kxf4 51. Ne4 c4 52. Nd6 Ne5 53. a4 Nxd3 54. axb5 axb5 55. Nxb5 Ke4 56. Nd6+ Kd5 57. Nxc4 Kxc4 58. b3+ Kd5 59. Kxd3 f5 60. Kd2 f4 61. Ke2 Kc5 0-1

[Event "San Sebastian Constitucion op 10th"]
[Site "San Sebastian"]
[Date "2008.11.30"]
[Round "1"]
[White "Rial Rodriguez, Eduardo"]
[Black "Munoz Sanchez, Daniel"]
[Result "0-1"]
[WhiteElo "1415"]
[BlackElo "2013"]
[PlyCount "68"]
[EventDate "2008.11.30"]
[EventType "swiss"]
[EventRounds "9"]
[EventCountry "ESP"]
[SourceTitle "CBM 127 Extra"]
[Source "ChessBase"]
[SourceDate "2009.01.08"]
[SourceVersion "2"]
[SourceVersionDate "2009.01.28"]
[SourceQuality "1"]

1. e4 Nf6 2. e5 Nd5 3. c4 Nb6 4. Nc3 d6 5. Nf3 Bg4 6. Be2 Nc6 7. exd6 exd6 8. d3 Be7 9. 0-0 0-0 10. Bf4 d5 11. cxd5 Nb4 12. Qb3 a5 13. a4 N4xd5 14. Nxd5 Qxd5 15. Qc2 c6 16. Be3 Nd7 17. Rfe1 Bd6 18. Qc3 Bb4 19. Qd4 Qxd4 20. Nxd4 Bxe1 21. Bxg4 Ne5 22. Rxe1 Nxg4 23. Bd2 Rfe8 24. Rc1 Rad8 25. Nf3 Rxd3 26. Bxa5 Re2 27. Bb6 Rxb2 28. a5 Rdb3 29. Nd4 Rd3 30. Re1 Nf6 31. h3 Rxb6 32. axb6 Rxd4 33. Re7 Rd7 34. Re3 Kf8 0-1

[Event "Patrimonio op 2nd"]
[Site "Alcala de Henares"]
[Date "2007.10.08"]
[Round "2"]
[White "Munoz Sanchez, Daniel"]
[Black "Moreno Ruiz, Javier"]
[Result "0-1"]
[WhiteElo "2046"]
[BlackElo "2466"]
[PlyCount "110"]
[EventDate "2007.10.07"]
[EventType "swiss"]
[EventRounds "9"]
[EventCountry "ESP"]
[SourceTitle "EXT 2008"]
[Source "ChessBase"]
[SourceDate "2007.11.25"]
[SourceVersion "1"]
[SourceVersionDate "2007.11.25"]
[SourceQuality "1"]

1. e4 c5 2. Nc3 Nc6 3. f4 g6 4. Nf3 Bg7 5. Bb5 Nd4 6. 0-0 a6 7. Bc4 b5 8. Bd5 Rb8 9. d3 e6 10. Bb3 Ne7 11. Nxd4 Bxd4+ 12. Kh1 d5 13. Ne2 Bg7 14. c3 Bb7 15. Bc2 0-0 16. a3 Qb6 17. Qe1 Qc6 18. Qh4 dxe4 19. dxe4 Nf5 20. Qh3 Nd6 21. Ng3 f5 22. e5 Nc4 23. b3 Nb6 24. Bb2 Rbd8 25. Rf2 Nd5 26. Nf1 Rd7 27. c4 bxc4 28. bxc4 Nb6 29. Qb3 a5 30. a4 Ba6 31. Ne3 Rb7 32. Qc3 Nxc4 33. Nxc4 Bxc4 34. Ba3 Bd5 35. Qxc5 Qxc5 36. Bxc5 Rc8 37. Bd6 Bf8 38. Bxf8 Kxf8 39. Bd3 Rb4 40. Bb5 h6 41. Kg1 g5 42. g4 Rxf4 43. Rxf4 gxf4 44. gxf5 exf5 45. Rd1 Rc5 46. Bd7 Be4 47. e6 Ke7 48. Rf1 f3 49. Kf2 f4 50. Bb5 Rc2+ 51. Ke1 Rxh2 52. Bc4 Rc2 53. Bb5 Rc1+ 54. Kf2 Rxf1+ 55. Kxf1 Kxe6 0-1